| 000 | 01380cam a2200385 4500 | ||
|---|---|---|---|
| 008 | 030317n1992 000 0 eng u | ||
| 020 | _a0117522023 | ||
| 035 | _a(Sirsi) u121641 | ||
| 050 |
_a692.8 _c18 |
||
| 110 |
_aDepartment for Environment, Transport and the Regions _94203 |
||
| 240 | _aPart H | ||
| 240 | _aApproved Document H | ||
| 245 | _aBuilding Regulations 1991 : drainage and waste disposal. Approved Document H | ||
| 250 | _a1992 ed. | ||
| 260 |
_aNorwich _bTSO _c1992 |
||
| 505 | _aH1 : sanitary pipework and drainage | ||
| 505 | _aH2 : cesspools and tanks | ||
| 505 | _aH3 : rainwater drainage | ||
| 505 | _aH4 : solid waste storage | ||
| 520 | _aComing into effect 1 April 1990. View at www.safety.odpm.gov.uk. | ||
| 520 | _aSuperseded by 2002 ed. (J121640). Not found when searched for online 28/11/11 | ||
| 650 | _aBUILDING REGULATIONS 2000 | ||
| 650 | _aBUILDING REGULATIONS 1991 APPROVED DOCUMENT H (1992 EDITION) | ||
| 650 | _aCESSPOOLS | ||
| 650 | _aDRAINAGE | ||
| 650 | _aPLUMBING | ||
| 650 | _aRAINWATER | ||
| 650 | _aSEWERS | ||
| 650 | _aWASTE STORAGE | ||
| 650 | _aWATER TREATMENT | ||
| 690 | _aBUILT ENVIRONMENT-BUILDING STANDARDS | ||
| 710 |
_aUnited Kingdom _bWelsh Office _91214 |
||
| 856 |
_uhttps://www.communities.gov.uk/index.asp?id=1130645 _vView the Approved Document on the ODPM website.... |
||
| 942 | _n0 | ||
| 999 |
_c102691 _d102691 |
||